Catalog

Record Details

Catalog Search



Available copies

  • 2 of 2 copies available at LARL/NWRL Consortium.
  • 2 of 2 copies available at Lake Agassiz Regional Library. (Show preferred library)

Current holds

0 current holds with 2 total copies.

Show Only Available Copies
Location Call Number / Copy Notes Barcode Shelving Location Status Due Date
Breckenridge Public Library RYA (Text) 33500010858371 Main Available -
Moorhead Public Library RYA (Text) 33500010858363 Main Available -

Record details

  • ISBN: 9780765332578 (hardcover)
  • ISBN: 0765332574 (hardcover)
  • Physical Description: 416 p. ; 25 cm.
  • Edition: 1st ed.
  • Publisher: New York : Forge, 2012.

Content descriptions

General Note:
"A Tom Doherty Associates book."
Summary, etc.:
Tracking down a candidate's secret mistress days ... Read More
Subject: Women journalists > Fiction.
Police > Massachusetts > Boston > Fiction.
Serial murders > Fiction.
Genre: Mystery fiction.
Suspense fiction.
Political fiction.
LDR 01698cam a2200409Ia 4500
001145780
003LARL_NWRL_CONSORTIUM
00520120912130501.0
008120516s2012 nyu 000 1 eng
010 . ‡a2012019932 ‡z2012019135
020 . ‡a9780765332578 (hardcover)
020 . ‡a0765332574 (hardcover)
035 . ‡a(OCoLC)778422582
040 . ‡aDLC ‡beng ‡cDLC ‡dBTCTA ‡dBDX ‡dYDXCP ‡dGRPVE ‡dIH9 ‡dIUK
043 . ‡an-us-ma
05000. ‡aPS3618.Y333 ‡bO84 2012
08200. ‡a813/.6 ‡223
1001 . ‡aRyan, Hank Phillippi. ‡0(LARL_NWRL_CONSORTIUM)221024
24514. ‡aThe other woman ‡n#1 / ‡cHank Phillippi Ryan.
250 . ‡a1st ed.
260 . ‡aNew York : ‡bForge, ‡c2012.
300 . ‡a416 p. ; ‡c25 cm.
4900 . ‡aJane Ryland and Jake Brogan ; ‡v1
500 . ‡a"A Tom Doherty Associates book."
520 . ‡aTracking down a candidate's secret mistress days before a pivotal Senate election, reporter Jane Ryland discovers links between her story and a serial killer investigation by detective Jake Brogan, with whom she partners to stop a killer in the face of dirty politics and betrayal.
650 0. ‡aWomen journalists ‡vFiction. ‡0(LARL_NWRL_CONSORTIUM)167907
650 0. ‡aPolice ‡zMassachusetts ‡zBoston ‡vFiction. ‡0(LARL_NWRL_CONSORTIUM)174197
650 0. ‡aSerial murders ‡vFiction. ‡0(LARL_NWRL_CONSORTIUM)167273
655 7. ‡aMystery fiction. ‡2gsafd
655 7. ‡aSuspense fiction. ‡2gsafd
655 0. ‡aPolitical fiction.
948 . ‡hNO HOLDINGS IN LAL - 361 OTHER HOLDINGS
994 . ‡aZ0 ‡bLAL
901 . ‡a145780 ‡bOCLC ‡c145780 ‡tbiblio

Additional Resources